000 00769nam a2200241Ia 4500
001 dia_4056
003 CHAP
005 20251014153643.0
008 220601s9999 xx 000 0 und d
040 _amxchpua
_erda
090 _aFOLLETO 2380
100 _aÁvila Moya, José A.
_98817
245 _aGuía para cultivar maíz de temporal en la parte alta del estado de Morelos / José A. Ávila Moya
260 _aMéxico : INIA, Campo Agrícola Experimental Zacatepec
300 _a12 p.
500 _aS/c (Folletos para productores, 4)
650 _a1. Maíz-Morelos2. Maíz-Cultivo
_9175977
700 _aINIAÌ
901 _aFOLLETO 2380
902 _aM
905 _a0000001981 mx A 0000000000spa00
942 _cFOLL
_2local
999 _c209444
_d209444